Etendues d'eau de fiction - Statistiques

Statistiques générales
  • Ce quiz a été pris 10 fois
  • Le résultat moyen est 5 sur 27
Statistiques - réponses
Etendue d'eau de fiction Univers % Correct
Lac Vérité Pokémon
67%
East Blue One Piece
56%
Lac Hylia The Legend of Zelda
56%
Baie de la Néra Game of Thrones
44%
Marais des Morts Le Seigneur des Anneaux
33%
Lac Paonga Star Wars
33%
Leaky Lake Fortnite
22%
Mer d'Argent Le Monde de Narnia
22%
Lac aux Requins Les Aventures de Tintin
22%
Rivière Naka Naruto
22%
Océan de Ooze Doctor Who
11%
Grand océan central alysien Les Légendaires
11%
Mer Mentalo Mario
11%
Lac Nostos Once upon a time
11%
Grand Nulle Part Sonic Prime
11%
Anse Étoilée Super Mario Galaxy
11%
Rivière Karth The Elder Scrolls
11%
Mer Mo Ce Avatar, le dernier maître de l'air
0%
Lac d'Ablithia Dragon Quest
0%
Lac Moebius Hunter X Hunter
0%
Mer d'Atlantica Kingdom Hearts
0%
Mer du Conquérant League of Legends
0%
Rivière Zephyr Percy Jackson
0%
Fleuve Tulebug Picsou
0%
Baie de Praxède The Witcher
0%
Marais de la tortue noire Winx
0%
Étendues Effroyables World of Warcraft
0%
Aucun quiz correspondant
Distribution des résultats
% des personnes avec chaque résultat
Percentile par nombre de réponses
Votre historique - résultats
Vous n’avez pas pris ce quiz